000 01790cam a2200457 i 4500
001 on1394061394
003 OCoLC
005 20240827131337.0
008 230819t20242024nyua j 000 1 eng d
010 _a 2023941966
020 _a9781636550947
_q(hardback)
020 _a1636550940
_q(hardback)
035 _a(OCoLC)1394061394
040 _aYDX
_beng
_erda
_cYDX
_dBDX
_dOCLCO
_dTOH
_dWIQ
_dVP@
_dVRP
_dMDB
_dOCLCO
_dILC
_dIH9
_dIUK
_dFLW
_dJQW
_dZ#6
_dDAC
_dCHILD
050 1 4 _aPZ7.P22115
_bMy 2024
082 0 4 _a[E]
_223/eng/20240424
092 _achildren picture book
_bPark
100 1 _aPark, Linda Sue,
_eauthor.
_947648
245 1 0 _aMy book and me /
_cLinda Sue Park ; Chris Raschka.
250 _aFirst edition.
264 1 _aBrooklyn :
_bRed Comet Press,
_c2024.
264 4 _c©2024
300 _a1 volume (unpaged) :
_bcolor illustrations ;
_c28 cm
336 _atext
336 _astill image
337 _aunmediated
338 _avolume
520 _aA celebration of the joy that books and reading bring to children, anywhere, anytime.
650 0 _aBooks and reading
_vJuvenile fiction.
_95684814
650 1 _aBooks and reading
_vFiction.
_95684815
650 6 _aLivres et lecture
_vRomans, nouvelles, etc. pour la jeunesse.
_96492738
650 7 _aJUVENILE FICTION / General.
_2bisacsh
_95674981
650 7 _aBooks
_vJuvenile fiction.
_2sears
_95707116
650 7 _aBooks and reading
_vJuvenile fiction.
_2sears
_95684814
650 7 _aBooks
_vFiction.
_2sears
_95686781
650 7 _aBooks and reading
_vFiction.
_2sears
_95684815
655 7 _aPicture books.
_2lcgft
700 1 _aRaschka, Christopher,
_eillustrator.
_934316
710 2 _aRed Comet Press,
_epublisher.
_96492739
942 _2ddc
_cBOOK
999 _c399776
_d399776